La cultura Nike: El signo del swoosh
Saved in:
| Main Authors: | , |
|---|---|
| Format: | Bog |
| Sprog: | spansk |
| Udgivet: |
Barcelona
Deusto
2007
|
| Serier: | Grandes Casos Empresariales
|
| Fag: | |
| Tags: |
Tilføj Tag
Ingen Tags, Vær først til at tagge denne postø!
|
MARC
| LEADER | 00000cam a2200000 a 4500 | ||
|---|---|---|---|
| 001 | UCG1985 | ||
| 003 | CL-VaPUC | ||
| 008 | 100531e20070000SP |||||||||||||||||spa|d | ||
| 020 | |a 8423424707 | ||
| 082 | 0 | 4 | |a 659.1 |b GOL |2 21 |
| 100 | 0 | |a Goldman, Robert |e author |9 550137 | |
| 700 | 0 | |a Papson, Stephen |e author |9 550138 | |
| 245 | 1 | 3 | |a La cultura Nike: El signo del swoosh |
| 300 | |a 299 p | ||
| 942 | |c BK | ||
| 945 | |d 20100531 00:00:00 |a dcastane | ||
| 260 | |a Barcelona |b Deusto |c 2007 | ||
| 650 | 0 | |a Publicidad |9 314572 | |
| 650 | 0 | |a Comunicación visual |9 265349 | |
| 650 | 7 | |a PUBLICIDAD ASPECTOS PSICOLOGICOS |2 CL-VaPUC |9 322284 | |
| 650 | 7 | |a PUBLICIDAD Y EMPRESAS |2 CL-VaPUC |9 550139 | |
| 583 | |a last modification |c 20151103 11:53:06 |k Rodrigo Vera | ||
| 490 | 0 | |a Grandes Casos Empresariales | |
| 999 | |c 341228 |d 341226 | ||
| 952 | |0 0 |1 0 |4 0 |6 659_100000000000000_GOL_2007 |7 0 |8 A |9 436591 |a BIBCUR |b BIBCUR |d 2019-11-22 |i 468298K |l 1 |o 659.1 GOL 2007 |p 468298K |r 2025-04-22 |s 2024-08-29 |w 2019-11-22 |y BK |k PER | ||
| 952 | |0 0 |1 0 |3 erd |4 0 |6 659_100000000000000_GOL_2007 |7 0 |8 A |9 436592 |a BIBENE |b BIBENE |i 5247438 |l 3 |m 1 |o 659.1 GOL 2007 |p 5247438 |r 2025-01-15 |s 2024-08-30 |w 2019-11-22 |y BK |z Catalogado en:20151106 |k ICO | ||